000 00830nam a2200241Ia 4500
001 10003
003 GE_BSU
008 181216s||||||||xx |||||||||||||| ||und||
040 _cGE_BSU
080 _a821.353.1–1
100 _aორჯონიკიძე,იზა
245 _aქვის სასთუმალი
245 _bლექსები
245 _cრედ.ქ.კვინტრაძე,მხატვ.ი.დივნაგორცევა–გრიგოლია
250 _aმე–2 გამოც.
260 _aთბილისი
260 _bსაბჭოთა საქართველო
260 _c1988
300 _a287გვ.პორტრ.22სმ.
653 _aლექსები
653 _aქვის სასთუმალი
942 _cBK
999 _c43276
_d43276